000 00357nam a2200133Ia 4500
005 20260328104333.0
008 260328s9999||||xx |||||||||||||| ||und||
100 _aFlóki, Alfred
245 4 _aThe Singular World of Alfred Flóki/Furðuveröld Alfreðs Flóka /
_cAlfred Flóki
260 _bBokautgafan
300 _a51 p.
650 _aARTE
942 _cBK
999 _c11774
_d11774